000 00987nac a22002771i 4500
003 EG-ScBUE
005 20241210113009.0
008 241210s1994 nyua f b 001 0 eng d
020 _a0387942963 (New York : acid-free paper)
020 _a9780387942964
020 _a3540942963 (Berlin : acid-free paper) :
040 _aEG-ScBUE
_beng
_erda
_cEG-ScBUE
_dEG-ScBUE
082 0 4 _a519.542
_bROB
_222
100 1 _aRobert, Christian P.,
_eauthor.
245 1 4 _aThe Bayesian choice :
_ba decision-theoretic motivation /
_cChristian P. Robert.
264 1 _aNew York :
_bSpringer-Verlag,
_c1994.
300 _axiv, 436 pages :
_billustrations ;
_c25 cm.
336 _2rdacontent
_atext
_btxt
337 _aunmediated
_2rdamedia
_bn
338 _avolume
_bnc
_2rdacarrier
490 0 _aSpringer texts in statistics
504 _aIncludes bibliographical references and indexes.
650 7 _aBayesian statistical decision theory.
_2BUEsh
655 _vReading book
942 _cBB
_2ddc
999 _c8513
_d8513